Moderne Länder, die im Zweiten Weltkrieg von der Achse besetzt wurden - Statistiken

Allgemein
  • Dieses Quiz wurde 522 mal gespielt
    512 seit der letzten Aktualisierung
  • Das Durchschnittsergebnis liegt bei 63 aus 75
Antworten auf der Karte
Die Antworten werden auf der Karte rot bzw. grün angezeigt, abhängig davon wie oft sie richtig erraten wurden.
 
Antwortstatistiken
Länder % Korrekt
China
98%
Deutschland
98%
Frankreich
98%
Italien
98%
Japan
98%
Niederlande
98%
Norwegen
98%
Belgien
97%
Dänemark
97%
Finnland
97%
Lettland
97%
Polen
97%
Russland
97%
Tschechien
97%
Belarus
96%
Estland
96%
Griechenland
96%
Kroatien
96%
Litauen
96%
Österreich
96%
Ukraine
96%
Ägypten
95%
Indonesien
95%
Nordkorea
95%
Rumänien
95%
Südkorea
95%
Ungarn
95%
Albanien
94%
Bulgarien
94%
Kosovo
94%
Serbien
94%
Slowakei
94%
Bosnien und Herzegowina
93%
Slowenien
93%
Irak
91%
Libyen
91%
Moldawien
91%
Nordmazedonien
91%
Thailand
91%
Tunesien
91%
Monaco
90%
Montenegro
90%
Vietnam
90%
Philippinen
89%
San Marino
88%
Luxemburg
87%
Mongolei
87%
Papua Neuguinea
86%
Somalia
86%
Laos
84%
Taiwan
84%
Äthiopien
83%
Malaysia
83%
Myanmar
82%
Indien
81%
Kambodscha
81%
Eritrea
79%
Singapur
78%
Tschad
78%
Kenia
69%
Osttimor
69%
Sudan
67%
Föderierte Staaten von Mikronesien
64%
Brunei
58%
Palau
58%
Salomonen
58%
Marshallinseln
57%
Nauru
54%
Vereinigte Staaten (Mehrere Besitzungen in Übersee)
51%
Kiribati
49%
Vereinigtes Königreich (Kanalinseln)
49%
Australien (Weihnachtsinsel)
44%
Saudi-Arabien
44%
Niger
38%
Jemen (Hanisch-Inseln)
34%
Keine übereinstimmenden Quizze gefunden
Verteilung der Resultate
Anzahl Personen mit jedem Resultat
Perzentil nach korrekt beantworteten Fragen
Ihre Resultats-Entwicklung
Sie haben dieses Quiz seit der letzten Aktualisierung nicht gespielt